| 000 | 00615cam a2200193 i 4500 | ||
|---|---|---|---|
| 020 | _a0471774219 | ||
| 040 | _cDLC | ||
| 082 | 0 | 0 | _a574 WIL 1976 A025 Or. |
| 100 | 1 | _aSegel, Irwin H., | |
| 245 | 1 | 0 |
_aBiochemical calculations : _bhow to solve mathematical problems in general biochemistry / |
| 250 | _a2d ed. | ||
| 260 |
_aNew York : _bWiley, _cc1976. |
||
| 300 |
_axiii, 441 p. : _bill. ; _c26 cm. |
||
| 500 | _aIncludes index. | ||
| 650 | 0 | _aBiochemistry | |
| 856 | 4 | 2 | _uhttp://www.loc.gov/catdir/description/wiley033/75023140.html |
| 856 | 4 | _uhttp://www.loc.gov/catdir/toc/onix04/75023140.html | |
| 942 | _cEK | ||
| 999 |
_c13685 _d13685 |
||